000
00261nam a2200097 a 4500
005
20201002053543.0
008
180503s2004 000 spa d
245
0
_a
Atlas escolar de la República Dominicana.
260
_a
Santo Domingo,
_c
[s.f.].
999
_c
46816
_d
46816
040
_a
DO-SdBNP